LEADER 00863nam0-22002891i-450- 001 990003200980403321 005 20050722121827.0 035 $a000320098 035 $aFED01000320098 035 $a(Aleph)000320098FED01 035 $a000320098 100 $a20030910d1966----km-y0itay50------ba 101 0 $aeng 200 1 $aSouthern Africa in transition$fedited by John A. Davis and James K. Baker. 210 $aLondon$cPall Mall for The American Society of African Culture$d1966 215 $aXXVIII, 427 p.$d21 cm 610 0 $aAfrica meridionale 676 $aF/1.13 702 1$aBaker,$bJames K. 702 1$aDavis,$bJohn Audrey$f<1912-2002> 801 0$aIT$bUNINA$gRICA$2UNIMARC 901 $aBK 912 $a990003200980403321 952 $aF/1.13 SOU$b986/I$fSES 959 $aSES 996 $aSouthern Africa in transition$9453010 997 $aUNINA LEADER 01787nam 2200373 n 450 001 996392932303316 005 20200824120556.0 035 $a(CKB)1000000000682673 035 $a(EEBO)2240957329 035 $a(UnM)99832675e 035 $a(UnM)99832675 035 $a(EXLCZ)991000000000682673 100 $a19951207d1650 uy | 101 0 $aeng 135 $aurbn||||a|bb| 200 00$aCritica sacra: or, Observations on all the radices, or primitive Hebrew words of the Old Testament in order alphabeticall$b[electronic resource] $ewherein both they (and many derivatives also issuing from them) are fully opened, out of the best lexicographers and scholiasts. By Edward Leigh Esquire, Mr of Arts of both universities 205 $aThe second edition, corrected and much enlarged by the authour. 210 $aLondon $cprinted by A. Miller for Thomas Underhill, and are to be sold at his shop at the sign of the blue Anchor and Bible in Pauls Churchyard near the little North door$dM.DCL. [1650] 215 $a[8], 272, [24] p 300 $aThe title page is printed in red and black. 300 $aIncludes indexes, each with caption title, and a final errata leaf. 300 $aImperfect; X1 (pp. 152-153) lacking. 300 $aReproduction of the original in the Durham University Library. 330 $aeebo-0044 606 $aHebrew language$vDictionaries$xEnglish$vEarly works to 1800 615 0$aHebrew language$xEnglish 700 $aLeigh$b Edward$f1602-1671.$0792090 801 0$bCu-RivES 801 1$bCu-RivES 801 2$bWaOLN 906 $aBOOK 912 $a996392932303316 996 $aCritica sacra: or, Observations on all the radices, or primitive Hebrew words of the Old Testament in order alphabeticall$92377100 997 $aUNISA